| 000 | 00570nam a22002057a 4500 | ||
|---|---|---|---|
| 003 | OSt | ||
| 005 | 20220107122733.0 | ||
| 008 | 140405b xxu||||| |||| 00| 0 eng d | ||
| 020 | _a9780198066903 | ||
| 040 | _cIIITM-K | ||
| 082 | _a658.404 KHA/P | ||
| 100 |
_aKhatua, Sitangshu _93606 |
||
| 245 |
_aProject management and appraisal _cby Sitangshu Khatua |
||
| 260 |
_aNew Delhi, _bOxford university Press, _c2011. |
||
| 300 | _axvii, 590p. | ||
| 650 |
_aMANAGEMENT _93607 |
||
| 650 |
_aPROJECT MANAGEMENT _93608 |
||
| 650 |
_aPROJECT PLANNING _93609 |
||
| 942 |
_2ddc _cBK |
||
| 999 |
_c3706 _d3706 |
||